000 00287nam a22001337a 4500
008 170503b xxu||||| |||| 00| 0 eng d
020 _a9781422463321
041 _aeng
080 _27 ED
_aSHJ
100 _a13
101 _aSHJ
245 _aCRIMINOLOGY
_cBROWN.S.E
942 _2udc
_cBK
999 _c12528
_d12528